[Event "Warsaw Najdorf Memorial op-A"]
[Site "Warsaw"]
[Date "2023.07.17"]
[Round "7"]
[White "Lasota, Adam"]
[Black "Wiech, Grzegorz"]
[Result "0-1"]
[WhiteElo "1927"]
[BlackElo "2140"]
[PlyCount "118"]
[EventDate "2023.07.11"]
[EventType "swiss"]
[EventRounds "9"]
[EventCountry "POL"]
[SourceTitle "EXT 2024"]
[Source "ChessBase"]
[SourceDate "2023.10.10"]
[SourceVersion "1"]
[SourceVersionDate "2023.10.10"]
[SourceQuality "1"]

1. d4 d6 2. Nf3 Nd7 3. Bf4 g6 4. e3 Bg7 5. h3 e5 6. Bh2 Qe7 7. Be2 f5 8. 0-0 Ngf6 9. c4 0-0 10. Nc3 Ne4 11. Nd5 Qd8 12. Qc2 c6 13. Nc3 exd4 14. exd4 Ndf6 15. Rfe1 c5 16. Rad1 cxd4 17. Nxd4 Qb6 18. Na4 Qa5 19. Nb5 Bd7 20. Nac3 Bxb5 21. Nxb5 Rad8 22. Bf4 a6 23. Nd4 Qc5 24. Bf1 Rfe8 25. Be3 Nd5 26. cxd5 Bxd4 27. Qxc5 Bxc5 28. a3 Kf7 29. b4 Bxe3 30. Rxe3 Rc8 31. f3 Nf6 32. Red3 Rc2 33. R1d2 Rxd2 34. Rxd2 Rc8 35. a4 Rc1 36. Kf2 f4 37. a5 Rb1 38. Rd4 Rb2+ 39. Ke1 g5 40. Bd3 Ke7 41. Be4 h6 42. Bf5 Kd8 43. Be6 Rxg2 44. b5 axb5 45. Rb4 Nd7 46. Rxb5 Nc5 47. Bf5 Ra2 48. Bb1 Ra3 49. Kf2 Rb3 50. Rxb3 Nxb3 51. h4 Nxa5 52. hxg5 hxg5 53. Ba2 Ke7 54. Ke2 Kf6 55. Kd3 Ke5 56. Kc3 b5 57. Kb4 Nc4 58. Kxb5 Nd2 59. Kb4 Kd4 0-1

[Event "Warsaw Najdorf Memorial op-A"]
[Site "Warsaw"]
[Date "2023.07.16"]
[Round "6"]
[White "Wiech, Grzegorz"]
[Black "Wojtaszewski, Piotr"]
[Result "1/2-1/2"]
[WhiteElo "2140"]
[BlackElo "1994"]
[PlyCount "134"]
[EventDate "2023.07.11"]
[EventType "swiss"]
[EventRounds "9"]
[EventCountry "POL"]
[SourceTitle "EXT 2024"]
[Source "ChessBase"]
[SourceDate "2023.10.10"]
[SourceVersion "1"]
[SourceVersionDate "2023.10.10"]
[SourceQuality "1"]

1. e4 e6 2. d4 d5 3. Nc3 Bb4 4. Nge2 dxe4 5. a3 Bxc3+ 6. Nxc3 e5 7. dxe5 Qxd1+ 8. Nxd1 Nd7 9. Nc3 Nxe5 10. Bf4 Ng6 11. Bxc7 Nf6 12. Bd6 Bd7 13. 0-0-0 a6 14. Bc4 Rc8 15. Rd4 Bc6 16. Re1 Nh4 17. Bb4 Nf5 18. Rd2 a5 19. Bxa5 0-0 20. Nd5 Bxd5 21. Bxd5 Rc5 22. Bb4 Rxd5 23. Rxd5 Nxd5 24. Bxf8 Kxf8 25. Rxe4 Nde7 26. Kd2 Ke8 27. c4 Nd6 28. Rh4 g5 29. Rxh7 Nxc4+ 30. Kc3 Nd6 31. Kd4 b6 32. a4 f6 33. f3 Kd7 34. b4 Ke6 35. b5 Ndf5+ 36. Ke4 Nd6+ 37. Kd3 Nb7 38. Kc4 Na5+ 39. Kd4 Nf5+ 40. Kc3 Nh4 41. f4 Nf5 42. g4 Nd6 43. fxg5 fxg5 44. Rh6+ Kd5 45. Rg6 Ne4+ 46. Kb4 Nc4 47. h3 Kd4 48. Rg8 Kd5 49. Rd8+ Ned6 50. h4 gxh4 51. Rh8 Ne5 52. Rxh4 Nd3+ 53. Kc3 Nc5 54. Rh5+ Ke6 55. Kb4 Nd3+ 56. Ka3 Nc4+ 57. Kb3 Na5+ 58. Kc2 Nb4+ 59. Kc3 Nd5+ 60. Kc2 Ne3+ 61. Kc3 Nxg4 62. Rh7 Nf6 63. Rh8 Nd5+ 64. Kd4 Nb3+ 65. Kc4 Na5+ 66. Kd4 Nb3+ 67. Kc4 Na5+ 1/2-1/2

[Event "Warsaw-ch op"]
[Site "Warsaw"]
[Date "2022.12.06"]
[Round "6"]
[White "Praczukowski, Stanislaw"]
[Black "Wiech, Grzegorz"]
[Result "1-0"]
[WhiteElo "2114"]
[BlackElo "2194"]
[PlyCount "63"]
[EventDate "2022.12.03"]
[EventType "swiss"]
[EventRounds "9"]
[EventCountry "POL"]
[SourceTitle "EXT 2024"]
[Source "ChessBase"]
[SourceDate "2023.10.10"]
[SourceVersion "1"]
[SourceVersionDate "2023.10.10"]
[SourceQuality "1"]

1. e4 c5 2. Nf3 d6 3. Bb5+ Nc6 4. 0-0 Bd7 5. Re1 Nf6 6. c3 Ne5 7. Bxd7+ Qxd7 8. d4 Nxf3+ 9. Qxf3 e6 10. dxc5 dxc5 11. c4 Qc6 12. Nc3 Be7 13. Qg3 0-0 14. Bh6 Ne8 15. e5 Rd8 16. Rad1 Kh8 17. Rxd8 Bxd8 18. Bg5 f6 19. Bf4 g5 20. Bc1 f5 21. Rd1 f4 22. Qg4 Bc7 23. h4 Bxe5 24. hxg5 Ng7 25. g6 hxg6 26. Qxg6 Qe8 27. Qh6+ Kg8 28. Ne4 Bd4 29. Bxf4 Qf7 30. Bd6 Bxf2+ 31. Kh1 Rd8 32. Nf6+ 1-0

[Event "Warsaw-ch 68th"]
[Site "Warsaw"]
[Date "2019.11.15"]
[Round "4"]
[White "Wiech, Grzegorz"]
[Black "Chylewski, Patryk"]
[Result "0-1"]
[WhiteElo "2219"]
[BlackElo "2348"]
[PlyCount "180"]
[EventDate "2019.11.12"]
[EventType "swiss"]
[EventRounds "9"]
[EventCountry "POL"]
[SourceTitle "CBM 193 Extra"]
[Source "ChessBase"]
[SourceDate "2020.01.31"]
[SourceVersion "1"]
[SourceVersionDate "2020.01.31"]
[SourceQuality "1"]

1. e4 c5 2. Nf3 e6 3. d4 cxd4 4. Nxd4 a6 5. Bd3 Nf6 6. 0-0 Qc7 7. Kh1 Nc6 8. Nxc6 dxc6 9. f4 e5 10. fxe5 Ng4 11. Bc4 Nxe5 12. Bf4 f6 13. Qh5+ g6 14. Bxe5 Qxe5 15. Bf7+ Ke7 16. Bxg6 Qxh5 17. Bxh5 Bh6 18. Nc3 Be6 19. b3 Rad8 20. Rad1 Be3 21. Nd5+ cxd5 22. exd5 Bf7 23. d6+ Ke8 24. Bf3 Bc5 25. Bxb7 Rxd6 26. Rxd6 Bxd6 27. Rxf6 Ke7 28. Rf1 Bg6 29. Bxa6 Bxc2 30. Bc4 Ba3 31. Re1+ Kd6 32. Bd3 Rc8 33. Bxc2 Rxc2 34. g3 Rxa2 35. Re4 Bc1 36. Rh4 h6 37. Rc4 Be3 38. Re4 Re2 39. Re8 Kd5 40. Re7 Kd4 41. Re8 Kd3 42. Re7 Rb2 43. Re8 Rxb3 44. Re7 Rb1+ 45. Kg2 Rb2+ 46. Kh1 Ra2 47. Re8 Ke2 48. Rf8 Kd3 49. Re8 Kd4 50. Re7 Bg5 51. Re8 Kd5 52. Re1 Bf6 53. Re3 Be5 54. Re1 Ke6 55. Rf1 Bd4 56. Rf4 Bf6 57. Rf1 Kf7 58. Rf3 Kg6 59. Rf4 Rd2 60. Re4 Bd4 61. Rf4 Be5 62. Re4 Kf5 63. Rh4 Ra2 64. Rxh6 Kg4 65. Rh7 Bf6 66. Rf7 Be5 67. Re7 Bc3 68. Re4+ Kg5 69. Rc4 Bf6 70. Rf4 Rd2 71. Kg1 Bd4+ 72. Kh1 Bf2 73. Rf8 Bd4 74. Rf4 Be5 75. Re4 Kf5 76. Rh4 Rc2 77. Kg1 Bd6 78. Kh1 Bc5 79. Rf4+ Ke5 80. Rh4 Be3 81. Rg4 Kf5 82. Rh4 Rd2 83. Rh7 Bg5 84. Kg1 Bf6 85. Rf7 Kg6 86. Rf8 Kg5 87. Rf7 Be5 88. Kh1 Kg4 89. Kg1 Bd4+ 90. Kh1 Rd1+ 0-1

[Event "Warsaw-ch 68th"]
[Site "Warsaw"]
[Date "2019.11.14"]
[Round "3"]
[White "Grochowski, Kosma"]
[Black "Wiech, Grzegorz"]
[Result "0-1"]
[WhiteElo "1920"]
[BlackElo "2219"]
[PlyCount "136"]
[EventDate "2019.11.12"]
[EventType "swiss"]
[EventRounds "9"]
[EventCountry "POL"]
[SourceTitle "CBM 193 Extra"]
[Source "ChessBase"]
[SourceDate "2020.01.31"]
[SourceVersion "1"]
[SourceVersionDate "2020.01.31"]
[SourceQuality "1"]

1. e4 c5 2. c3 d5 3. exd5 Nf6 4. Nf3 Nxd5 5. d4 e6 6. c4 Nf6 7. Nc3 Be7 8. Be2 0-0 9. 0-0 cxd4 10. Nxd4 Bd7 11. Bf3 Qc8 12. Be3 Nc6 13. Nxc6 Bxc6 14. Bxc6 Qxc6 15. Qe2 Rac8 16. b3 a6 17. Rac1 Rfd8 18. Rfd1 Rxd1+ 19. Qxd1 Rd8 20. Qe2 Ne4 21. h3 f5 22. Qc2 Nxc3 23. Qxc3 Qe4 24. Qe1 Kf7 25. Kf1 Rd3 26. Qe2 g6 27. Rd1 Rxd1+ 28. Qxd1 f4 29. Bd4 Bf6 30. Bxf6 Kxf6 31. Qd8+ Ke5 32. Qh8+ Kd6 33. Qf8+ Kc6 34. Qc8+ Kb6 35. Qd8+ Kc5 36. Qd2 Qd4 37. Qa5+ Kc6 38. Ke2 e5 39. Qd2 Qe4+ 40. Kf1 Kb6 41. Qd6+ Ka7 42. Qc5+ Kb8 43. Qd6+ Kc8 44. Qd1 Qf5 45. Qd2 e4 46. Qd4 h5 47. a4 f3 48. Qd5 Qxd5 49. cxd5 Kd7 50. gxf3 exf3 51. Ke1 Kd6 52. Kd2 Kxd5 53. Ke3 Kc5 54. Kxf3 Kb4 55. Kf4 Kxb3 56. a5 Kb4 57. Kg5 Kxa5 58. Kxg6 b5 59. f4 b4 60. f5 b3 61. f6 b2 62. f7 b1Q+ 63. Kg7 Qg1+ 64. Kh8 Qf2 65. Kg8 Qg3+ 66. Kh8 Qf4 67. h4 Kb6 68. Kg8 a5 0-1

[Event "Warsaw-ch 68th"]
[Site "Warsaw"]
[Date "2019.11.12"]
[Round "1"]
[White "Spicak, Krzysztof"]
[Black "Wiech, Grzegorz"]
[Result "0-1"]
[WhiteElo "1874"]
[BlackElo "2219"]
[PlyCount "66"]
[EventDate "2019.11.12"]
[EventType "swiss"]
[EventRounds "9"]
[EventCountry "POL"]
[SourceTitle "CBM 193 Extra"]
[Source "ChessBase"]
[SourceDate "2020.01.31"]
[SourceVersion "1"]
[SourceVersionDate "2020.01.31"]
[SourceQuality "1"]

1. d4 Nf6 2. c4 e6 3. Nc3 c5 4. d5 exd5 5. cxd5 d6 6. e4 g6 7. Bd3 Bg7 8. Nge2 0-0 9. 0-0 Re8 10. h3 c4 11. Bxc4 Nxe4 12. Nxe4 Rxe4 13. Bd3 Re8 14. Nc3 Nd7 15. Be3 Nc5 16. Bc2 Bd7 17. Bd4 Qh4 18. f4 Bxd4+ 19. Qxd4 Bxh3 20. Rf2 Bf5 21. b4 Bxc2 22. bxc5 dxc5 23. Qxc5 Be4 24. Qd4 f5 25. d6 Rad8 26. Rd1 Bc6 27. Nd5 Re6 28. Nc7 Rexd6 29. Qc4+ Kg7 30. Ne6+ Rxe6 31. Qc3+ Kf7 32. Rxd8 Qxd8 33. g4 Qd1+ 0-1

[Event "Warsaw-chA 67th"]
[Site "Warsaw"]
[Date "2018.11.19"]
[Round "9"]
[White "Wiech, Grzegorz"]
[Black "Kokoszczynski, Jan"]
[Result "0-1"]
[WhiteElo "2238"]
[BlackElo "2245"]
[PlyCount "50"]
[EventDate "2018.11.12"]
[EventType "swiss"]
[EventRounds "9"]
[EventCountry "POL"]
[SourceTitle "CBM 187 Extra"]
[Source "ChessBase"]
[SourceDate "2018.11.04"]
[SourceVersion "1"]
[SourceVersionDate "2018.11.04"]
[SourceQuality "1"]

1. e4 c5 2. Nf3 d6 3. d4 cxd4 4. Nxd4 Nf6 5. Nc3 a6 6. Bg5 Nbd7 7. f4 Qc7 8. Qf3 h6 9. Bh4 g5 10. fxg5 hxg5 11. Bxg5 Qc5 12. Qe3 Ng4 13. Qd2 e6 14. Be2 Nde5 15. 0-0-0 Nf2 16. Nxe6 Bxe6 17. Be3 Qxe3 18. Qxe3 Bh6 19. Qxh6 Rxh6 20. h3 Nxh1 21. Rxh1 Ke7 22. Kd2 Rg8 23. Rh2 Rhg6 24. Bf1 Bc4 25. Ke1 Bxf1 0-1

[Event "Warsaw-chA 67th"]
[Site "Warsaw"]
[Date "2018.11.15"]
[Round "4"]
[White "Wiech, Grzegorz"]
[Black "Maj, Pawel1111"]
[Result "0-1"]
[WhiteElo "2238"]
[BlackElo "2064"]
[PlyCount "82"]
[EventDate "2018.11.12"]
[EventType "swiss"]
[EventRounds "9"]
[EventCountry "POL"]
[SourceTitle "CBM 187 Extra"]
[Source "ChessBase"]
[SourceDate "2018.11.04"]
[SourceVersion "1"]
[SourceVersionDate "2018.11.04"]
[SourceQuality "1"]

1. e4 c5 2. Nf3 d6 3. d4 cxd4 4. Nxd4 Nf6 5. Nc3 a6 6. Bg5 Nbd7 7. Qe2 h6 8. Bh4 b5 9. f4 e5 10. Nc6 Qc7 11. Nb4 Bb7 12. 0-0-0 exf4 13. Bxf6 Nxf6 14. Nbd5 Bxd5 15. Nxd5 Nxd5 16. exd5+ Be7 17. Re1 Kf8 18. Qe4 Bf6 19. Bd3 Be5 20. h4 h5 21. Kb1 g6 22. Qf3 Kg7 23. Rhf1 Rhf8 24. Re2 Rab8 25. c3 a5 26. Re4 f5 27. Re2 Qd8 28. Rh1 Rf7 29. Rc2 Qf6 30. Re2 Rc7 31. Rc2 Rc5 32. Rd2 Re8 33. Be2 b4 34. c4 a4 35. Bd3 a3 36. b3 Rc7 37. Re2 Rce7 38. Qf2 Bd4 39. Rxe7+ Rxe7 40. Qc2 Re3 41. Be2 Rc3 0-1

[Event "Warsaw-chA 67th"]
[Site "Warsaw"]
[Date "2018.11.13"]
[Round "2"]
[White "Wiech, Grzegorz"]
[Black "Maciaga, Marcin"]
[Result "1-0"]
[WhiteElo "2238"]
[BlackElo "2164"]
[PlyCount "195"]
[EventDate "2018.11.12"]
[EventType "swiss"]
[EventRounds "9"]
[EventCountry "POL"]
[SourceTitle "CBM 187 Extra"]
[Source "ChessBase"]
[SourceDate "2018.11.04"]
[SourceVersion "1"]
[SourceVersionDate "2018.11.04"]
[SourceQuality "1"]

1. e4 c5 2. Nf3 g6 3. d4 cxd4 4. Nxd4 Nc6 5. c4 Nf6 6. Nc3 d6 7. Be2 Bg7 8. Be3 0-0 9. 0-0 Bd7 10. Qd2 Nxd4 11. Bxd4 Bc6 12. f3 a5 13. Rac1 Nd7 14. Be3 a4 15. Rfd1 Nc5 16. Nd5 Be5 17. Bf1 e6 18. Nc3 Qh4 19. g3 Qe7 20. Bg2 Rfd8 21. Nb5 Rd7 22. Nd4 Rdd8 23. Qf2 a3 24. b3 Bg7 25. Rc2 e5 26. Ne2 f5 27. exf5 e4 28. Nd4 exf3 29. Nxc6 bxc6 30. Bxf3 Ne4 31. Bxe4 Qxe4 32. Bd4 gxf5 33. Bxg7 Kxg7 34. Re2 Qg4 35. Re7+ Kf8 36. Rde1 Re8 37. Qe3 Qg6 38. Kf2 Rxe7 39. Qxe7+ Kg8 40. Re6 Qh5 41. Kg2 f4 42. Qxd6 f3+ 43. Kf2 Rf8 44. g4 Qh4+ 45. Qg3 Qg5 46. Qd6 Qh4+ 47. Qg3 Qg5 48. Re3 Qf6 49. Qe5 Qh4+ 50. Qg3 Qd8 51. Rxf3 Qd2+ 52. Kg1 Rxf3 53. Qxf3 Qxa2 54. Qxc6 Qb1+ 55. Kg2 Qc2+ 56. Kg3 Qxb3+ 57. Kh4 Qe3 58. c5 Kf7 59. g5 Qf4+ 60. Kh3 Qf5+ 61. Kh4 Qf4+ 62. Kh3 Qe3+ 63. Kh4 Qe1+ 64. Kh5 Qe2+ 65. Kh4 Qxh2+ 66. Kg4 Qe2+ 67. Kh4 Qf2+ 68. Kh5 Qe2+ 69. Kh4 Qe6 70. Qf3+ Kg6 71. Qd3+ Qf5 72. Qa6+ Kg7 73. Qxa3 Qf4+ 74. Kh5 Qh2+ 75. Kg4 Qe2+ 76. Kf4 Qh2+ 77. Kf5 Qf2+ 78. Ke5 Qh2+ 79. Ke6 Qe2+ 80. Kd7 Qd2+ 81. Kc8 Qxg5 82. Qc3+ Kg6 83. c6 h5 84. c7 Qf5+ 85. Kb7 Qb5+ 86. Ka7 Qd7 87. Kb6 Qc8 88. Qd3+ Kg7 89. Qd4+ Kh7 90. Qe4+ Kg7 91. Qb7 Qe6+ 92. Ka7 Qe3+ 93. Qb6 Qa3+ 94. Kb8 Qg3 95. Qd4+ Kh7 96. Qd7+ Kg8 97. Qd5+ Kg7 98. Kb7 1-0

[Event "Warsaw-chA 67th"]
[Site "Warsaw"]
[Date "2018.11.12"]
[Round "1"]
[White "Liberadzki, Slawomir"]
[Black "Wiech, Grzegorz"]
[Result "1/2-1/2"]
[WhiteElo "1959"]
[BlackElo "2238"]
[PlyCount "175"]
[EventDate "2018.11.12"]
[EventType "swiss"]
[EventRounds "9"]
[EventCountry "POL"]
[SourceTitle "CBM 187 Extra"]
[Source "ChessBase"]
[SourceDate "2018.11.04"]
[SourceVersion "1"]
[SourceVersionDate "2018.11.04"]
[SourceQuality "1"]

1. e4 c5 2. c3 d5 3. exd5 Qxd5 4. d4 e6 5. Nf3 Nc6 6. Be2 cxd4 7. cxd4 Nf6 8. 0-0 Be7 9. Nc3 Qd6 10. Bg5 0-0 11. Nb5 Qd8 12. Qa4 Bd7 13. Rfd1 Nd5 14. Bxe7 Ncxe7 15. Qb3 Qb6 16. Ne5 Bxb5 17. Bxb5 a6 18. Bc4 Qxb3 19. Bxb3 Rfd8 20. Rac1 Rac8 21. g3 g5 22. Ng4 Rxc1 23. Rxc1 Kg7 24. Ne3 Rd7 25. Bxd5 Nxd5 26. Nxd5 Rxd5 27. Rc7 Rb5 28. b3 a5 29. Kg2 g4 30. h3 h5 31. hxg4 hxg4 32. Kf1 Kg6 33. Ke2 f6 34. Ke3 b6 35. Re7 Kf5 36. Rh7 Rb4 37. Kd3 e5 38. dxe5 Kxe5 39. Re7+ Kf5 40. Rd7 Rb5 41. Rb7 Rd5+ 42. Ke3 b5 43. a3 Ke5 44. Ra7 Rc5 45. Rxa5 Rc3+ 46. Ke2 Rxb3 47. a4 Rb2+ 48. Kf1 Rb1+ 49. Kg2 Ke4 50. Rxb5 Ra1 51. Rb4+ Kf5 52. Rb5+ Ke4 53. a5 f5 54. Rc5 Rb1 55. Rc8 Ra1 56. Ra8 Ke5 57. a6 Kf6 58. Rf8+ Kg6 59. Rg8+ Kf7 60. Ra8 Kg7 61. a7 Kh7 62. Rf8 Rxa7 63. Rxf5 Kg6 64. Rd5 Ra1 65. Re5 Rb1 66. Re2 Kf5 67. f4 gxf3+ 68. Kxf3 Rb3+ 69. Kg2 Kg4 70. Re4+ Kg5 71. Kh3 Rb5 72. Rg4+ Kh5 73. Rh4+ Kg5 74. Rh8 Ra5 75. Rg8+ Kh5 76. g4+ Kh6 77. Kh4 Rb5 78. Ra8 Rc5 79. Ra6+ Kg7 80. Rd6 Ra5 81. Re6 Rb5 82. Kg3 Rb4 83. Kf3 Ra4 84. Kg3 Rb4 85. Re5 Kg6 86. Kh4 Rb6 87. Ra5 Rc6 88. Rb5 1/2-1/2

[Event "Mazowieckie-chT 0506"]
[Site "Poland"]
[Date "2006.01.22"]
[Round "9"]
[White "Wiech, Grzegorz"]
[Black "Lada, Marek"]
[Result "0-1"]
[WhiteElo "2262"]
[BlackElo "2220"]
[PlyCount "86"]
[EventDate "2005.10.09"]
[EventType "team-tourn"]
[EventRounds "9"]
[EventCountry "POL"]
[SourceTitle "EXT 2019"]
[Source "ChessBase"]
[SourceDate "2018.10.10"]
[SourceVersion "1"]
[SourceVersionDate "2018.10.10"]
[SourceQuality "1"]

1. e4 e6 2. d4 d5 3. e5 c5 4. c3 Nc6 5. Nf3 Bd7 6. dxc5 Bxc5 7. Bd3 f5 8. 0-0 Nh6 9. Bxh6 gxh6 10. Nbd2 Qc7 11. Nb3 Bb6 12. Nbd4 a6 13. Qd2 0-0-0 14. Qxh6 Rde8 15. Rfe1 Kb8 16. Nxc6+ Bxc6 17. Nd4 Bd7 18. Qd2 Rhg8 19. f4 Rg6 20. Kh1 Reg8 21. Re2 Be8 22. g3 h5 23. Rg2 h4 24. Rag1 h3 25. Rf2 Bc6 26. Rff1 Bd7 27. Ra1 Ba7 28. a4 Ka8 29. a5 Rc8 30. Rgc1 Rgg8 31. b4 Rgd8 32. b5 axb5 33. Bxb5 Bxd4 34. Bxd7 Qxd7 35. cxd4 Rxc1+ 36. Qxc1 Rc8 37. Qf1 Qc6 38. a6 b6 39. Qxh3 Qc3 40. Rf1 Qd3 41. Rf2 Rc1+ 42. Kg2 Qe4+ 43. Rf3 Rc2+ 0-1

[Event "Milanowek op"]
[Site "Milanowek"]
[Date "2001.??.??"]
[Round "8"]
[White "Grzelak, Artur"]
[Black "Wiech, Grzegorz"]
[Result "1-0"]
[WhiteElo "2265"]
[BlackElo "2365"]
[PlyCount "85"]
[EventDate "2001.??.??"]
[EventType "swiss"]
[EventRounds "9"]
[EventCountry "POL"]
[SourceTitle "EXT 2003"]
[Source "ChessBase"]
[SourceDate "2002.11.25"]
[SourceVersion "1"]
[SourceVersionDate "2002.11.25"]
[SourceQuality "1"]

1. d4 Nf6 2. c4 e6 3. Nc3 c5 4. d5 exd5 5. cxd5 d6 6. Nf3 g6 7. h3 Bg7 8. e4 0-0 9. Bd3 Re8 10. 0-0 Na6 11. Re1 Nc7 12. a4 Rb8 13. Bf4 a6 14. Qc1 b5 15. axb5 axb5 16. Ra7 b4 17. Nb1 Nb5 18. Bxb5 Rxb5 19. Nbd2 Rb7 20. Rxb7 Bxb7 21. Qc2 Ba6 22. Nc4 Bxc4 23. Qxc4 Qb6 24. e5 dxe5 25. Rxe5 Rd8 26. d6 Bf8 27. Ng5 Qxd6 28. Nxf7 Qd1+ 29. Kh2 Rd5 30. Qa6 Rxe5 31. Bxe5 Ng4+ 32. hxg4 Kxf7 33. Qc4+ Ke8 34. Kg3 Qd7 35. f4 Kd8 36. Bf6+ Kc7 37. Qa6 Bd6 38. Qa7+ Kc6 39. Qa6+ Kd5 40. Qa8+ Ke6 41. g5 Qc7 42. Qe8+ Kd5 43. Kf3 1-0

[Event "Milanowek op"]
[Site "Milanowek"]
[Date "2001.??.??"]
[Round "4"]
[White "Wiech, Grzegorz"]
[Black "Protaziuk, Grzegorz"]
[Result "1-0"]
[WhiteElo "2365"]
[BlackElo "2360"]
[PlyCount "85"]
[EventDate "2001.??.??"]
[EventType "swiss"]
[EventRounds "9"]
[EventCountry "POL"]
[SourceTitle "EXT 2003"]
[Source "ChessBase"]
[SourceDate "2002.11.25"]
[SourceVersion "1"]
[SourceVersionDate "2002.11.25"]
[SourceQuality "1"]

1. e4 c5 2. Nf3 e6 3. d4 cxd4 4. Nxd4 a6 5. Bd3 Bc5 6. Nb3 Be7 7. 0-0 Nc6 8. Nc3 Nf6 9. f4 d6 10. Qf3 Qc7 11. Kh1 0-0 12. Bd2 g6 13. Rae1 Nd7 14. Qh3 Bf6 15. Nd1 Bg7 16. c3 b5 17. Nf2 Nf6 18. Bb1 e5 19. f5 d5 20. Qh4 dxe4 21. Bg5 e3 22. Rxe3 Nd5 23. Rh3 h5 24. Rf3 f6 25. Bc1 Nce7 26. fxg6 Qc4 27. Qxc4 bxc4 28. Na5 f5 29. Nxc4 e4 30. Rh3 Be6 31. Na5 Nf6 32. Re3 Nxg6 33. Ree1 Ne5 34. Nh3 Rab8 35. Ng5 Bd7 36. Bf4 Rb5 37. Nb3 Nd5 38. Bxe5 Bxe5 39. c4 Rxb3 40. axb3 Nb4 41. Rd1 Bc8 42. Nxe4 Bxb2 43. Nd6 1-0

[Event "POL-chT 55th"]
[Site "Suwalki"]
[Date "1999.09.26"]
[Round "9"]
[White "Sokolowski, Ryszard"]
[Black "Wiech, Grzegorz"]
[Result "0-1"]
[WhiteElo "2255"]
[BlackElo "2364"]
[PlyCount "79"]
[EventDate "1999.09.18"]
[EventType "team-tourn"]
[EventRounds "11"]
[EventCountry "POL"]
[SourceTitle "EXT 2019"]
[Source "ChessBase"]
[SourceDate "2018.10.10"]
[SourceVersion "1"]
[SourceVersionDate "2018.10.10"]
[SourceQuality "1"]
[WhiteTeam "Koszalin Hetman Politechnika"]
[BlackTeam "Warszawa Entropia"]
[WhiteTeamCountry "POL"]
[BlackTeamCountry "POL"]

1. Nf3 c5 2. g3 Nc6 3. Bg2 e5 4. e4 g6 5. 0-0 Bg7 6. d3 Nge7 7. c3 0-0 8. Be3 d6 9. Ne1 b6 10. Na3 Be6 11. f4 d5 12. Nf3 d4 13. cxd4 exf4 14. gxf4 Nxd4 15. Ng5 Bd7 16. Nc4 h6 17. Nh3 Nec6 18. Kh1 Qh4 19. Bf2 Qg4 20. Ng1 Qxd1 21. Raxd1 Rad8 22. Bh4 f6 23. Bh3 g5 24. Bxd7 Rxd7 25. fxg5 fxg5 26. Rxf8+ Kxf8 27. Bg3 Ke7 28. Kg2 Ke6 29. Ne3 Be5 30. a3 Bxg3 31. hxg3 Ne5 32. Nh3 Ndc6 33. Nf2 h5 34. Nd5 Ne7 35. Nxe7 Rxe7 36. d4 cxd4 37. Rxd4 Rc7 38. Rd2 g4 39. Nd1 Nf3 40. Re2 0-1

[Event "POL-chT 54th"]
[Site "Lubniewice"]
[Date "1998.11.08"]
[Round "8"]
[White "Macieja, Bartlomiej"]
[Black "Wiech, Grzegorz"]
[Result "1-0"]
[WhiteElo "2490"]
[BlackElo "2305"]
[PlyCount "169"]
[EventDate "1998.11.01"]
[EventType "team-tourn"]
[EventRounds "9"]
[EventCountry "POL"]
[SourceTitle "EXT 2019"]
[Source "ChessBase"]
[SourceDate "2018.10.10"]
[SourceVersion "1"]
[SourceVersionDate "2018.10.10"]
[SourceQuality "1"]
[WhiteTeam "Warszawa Polonia"]
[BlackTeam "Warszawa Entropia"]
[WhiteTeamCountry "POL"]
[BlackTeamCountry "POL"]

1. e4 c5 2. Nc3 Nc6 3. Nf3 d6 4. d4 cxd4 5. Nxd4 e6 6. Be3 Nf6 7. Bc4 Be7 8. Bb3 a6 9. Qe2 Na5 10. g4 Nxb3 11. axb3 0-0 12. g5 Nd7 13. Rg1 Ne5 14. 0-0-0 Bd7 15. f4 Nc6 16. Nxc6 Bxc6 17. f5 exf5 18. exf5 Re8 19. f6 Bf8 20. fxg7 Bxg7 21. Qf2 Qa5 22. Bd4 Qa1+ 23. Nb1 Be4 24. Bxg7 Kxg7 25. Rd4 Qa5 26. Nc3 Bg6 27. Kb1 Re6 28. h4 Rc8 29. Qd2 Rc6 30. Rc1 Rb6 31. h5 Bxh5 32. Nd5 Qxd2 33. Rxd2 Rc6 34. Nf4 Bg6 35. Nxe6+ fxe6 36. Rg1 Kf7 37. Kc1 Ke7 38. c3 a5 39. Rg3 Rb6 40. c4 Rc6 41. Rd4 b5 42. Kd2 Rc5 43. Ke1 Kd7 44. Rg2 Re5+ 45. Re2 Rxg5 46. Red2 Re5+ 47. Kf2 d5 48. cxd5 exd5 49. Rxd5+ Rxd5 50. Rxd5+ Kc6 51. Re5 Bf7 52. b4 axb4 53. Ke3 Kb6 54. Re7 Bc4 55. Rxh7 Kc5 56. Rh5+ Kb6 57. Rh8 Kc5 58. Rc8+ Kd5 59. Re8 Ba2 60. Ra8 Bb1 61. Ra1 Bg6 62. Rg1 Bh7 63. Rh1 Bg6 64. Rh4 Kc5 65. Kf4 Kd4 66. Kg5+ Be4 67. Kf6 Kd5 68. Ke7 Bd3 69. Kd7 Kc5 70. Kc7 Bc4 71. Kb7 b3 72. Ka6 Bd3 73. Ka5 Bc4 74. Rh3 Bd5 75. Rc3+ Bc4 76. Rc1 Kd4 77. Kb4 Kd3 78. Rc3+ Kd2 79. Kc5 Be2 80. Rxb3 Kc2 81. Re3 Bc4 82. b4 Kb2 83. Rf3 Ka2 84. Rf8 Kb3 85. Ra8 1-0

[Event "Warsaw-ch"]
[Site "Warsaw"]
[Date "1998.05.23"]
[Round "1"]
[White "Lesniak, Marek"]
[Black "Wiech, Grzegorz"]
[Result "0-1"]
[WhiteElo "2040"]
[BlackElo "2300"]
[PlyCount "56"]
[EventDate "1998.??.??"]
[EventType "swiss"]
[EventRounds "9"]
[EventCountry "POL"]
[SourceTitle "EXT 2000"]
[Source "ChessBase"]
[SourceDate "1999.11.16"]
[SourceVersion "1"]
[SourceVersionDate "1999.11.16"]
[SourceQuality "1"]

1. d4 Nf6 2. c4 e6 3. Nf3 c5 4. Nc3 cxd4 5. Nxd4 Nc6 6. e4 Bb4 7. Nxc6 dxc6 8. Qc2 e5 9. Be2 0-0 10. 0-0 Be6 11. Bg5 Be7 12. a3 a5 13. Rab1 Nd7 14. Be3 Bc5 15. Bxc5 Nxc5 16. b4 axb4 17. axb4 Nd7 18. c5 Qg5 19. Kh1 Rfd8 20. Rfd1 Nf6 21. Rxd8+ Rxd8 22. Rd1 Rd4 23. b5 Nd7 24. bxc6 bxc6 25. Na4 Qd8 26. Rxd4 exd4 27. Qd3 Qa5 28. Qd1 Bb3 0-1

[Event "Milanowek-ch"]
[Site "Milanowek"]
[Date "1998.??.??"]
[Round "?"]
[White "Ehrenfeucht, Wojciech"]
[Black "Wiech, Grzegorz"]
[Result "1-0"]
[WhiteElo "2340"]
[BlackElo "2300"]
[PlyCount "117"]
[EventDate "1998.??.??"]
[EventType "swiss"]
[EventRounds "9"]
[EventCountry "POL"]
[SourceTitle "EXT 2003"]
[Source "ChessBase"]
[SourceDate "2002.11.25"]
[SourceVersion "1"]
[SourceVersionDate "2002.11.25"]
[SourceQuality "1"]

1. e4 c5 2. Nf3 d6 3. Bb5+ Nd7 4. d4 Ngf6 5. Nc3 a6 6. Bxd7+ Nxd7 7. 0-0 g6 8. dxc5 Nxc5 9. e5 dxe5 10. Qxd8+ Kxd8 11. Be3 e6 12. Nxe5 Ke8 13. Rad1 b5 14. Bd4 f6 15. Ng4 e5 16. Nxf6+ Kf7 17. Bxe5 Bg7 18. Ncd5 Be6 19. Rd2 Rac8 20. f4 Rhd8 21. Rfd1 h5 22. b4 Na4 23. a3 Bf5 24. Nh7 Bxe5 25. Ng5+ Kg7 26. fxe5 Re8 27. Re1 Rxc2 28. Rxc2 Bxc2 29. Nc7 Re7 30. Nxa6 Bf5 31. Nb8 Nb2 32. Nc6 Nd3 33. Nxe7 Nxe1 34. Nxf5+ gxf5 35. Ne6+ Kf7 36. Nd4 Nd3 37. Nxf5 Nxe5 38. Nd6+ Ke6 39. Nxb5 Kd5 40. Kf2 Kc4 41. Nc7 Kb3 42. Kg3 Kxa3 43. b5 Kb4 44. Kh4 Kc5 45. Kxh5 Kb6 46. Ne8 Kxb5 47. Kg5 Kc6 48. Kf5 Nc4 49. g4 Kd7 50. Nf6+ Ke7 51. h4 Kf7 52. h5 Kg7 53. g5 Ne3+ 54. Ke6 Ng2 55. Nd5 Nh4 56. Ne3 Nf3 57. Nf5+ Kg8 58. Kf6 Nd2 59. Nd6 1-0

[Event "Milanowek-ch"]
[Site "Milanowek"]
[Date "1998.??.??"]
[Round "?"]
[White "Grzelak, Artur"]
[Black "Wiech, Grzegorz"]
[Result "0-1"]
[WhiteElo "2270"]
[BlackElo "2300"]
[PlyCount "46"]
[EventDate "1998.??.??"]
[EventType "swiss"]
[EventRounds "9"]
[EventCountry "POL"]
[SourceTitle "EXT 2003"]
[Source "ChessBase"]
[SourceDate "2002.11.25"]
[SourceVersion "1"]
[SourceVersionDate "2002.11.25"]
[SourceQuality "1"]

1. d4 Nf6 2. c4 e6 3. Nc3 c5 4. d5 exd5 5. cxd5 d6 6. e4 g6 7. Bg5 Bg7 8. Qd2 0-0 9. Bd3 Re8 10. Nge2 a6 11. a4 Nbd7 12. 0-0 Rb8 13. Rab1 Qa5 14. Qf4 Nh5 15. Qh4 Ne5 16. Bc2 h6 17. Bxh6 Bxh6 18. f4 Ng4 19. f5 Ne3 20. Ng3 Qd8 21. f6 Re5 22. Rf5 Bxf5 23. Nxh5 Bg4 0-1